Mystery Taylor Swift Song #137 - Statistics

General Stats
  • This quiz has been taken 216 times
  • The average score is 72 of 125
Answer Stats
Song % Correct
Fearless
95%
I
90%
the
85%
you
85%
a
82%
me
81%
it
79%
And
78%
he
78%
to
78%
when
78%
we
77%
your
76%
I'm
75%
in
75%
is
75%
Where
75%
you're
75%
for
72%
so
72%
was
72%
Were
71%
what
70%
Like
68%
said
68%
say
68%
speak
68%
then
68%
too
68%
not
67%
that
67%
there
67%
this
67%
at
66%
all
65%
loved
65%
now
65%
of
65%
but
64%
can't
64%
Did
63%
don't
63%
always"
62%
"Forever
62%
just
62%
up
62%
'Cause
61%
out
60%
here
59%
everything
58%
Everything
58%
everything?
58%
Forever & Always
58%
knew
58%
Oh
58%
one
58%
think
58%
told
58%
way
58%
never
57%
didn't
56%
down
56%
nothing
56%
Baby
55%
eye
55%
feel
55%
gone
55%
looked
55%
something
55%
into
54%
Thought
54%
time
54%
boy
53%
back
52%
door
52%
tell
51%
anymore
50%
eyes
50%
honest
50%
little
50%
made
50%
rains
50%
run
50%
stare
50%
sure
50%
called
49%
going?
49%
hide
49%
mean
49%
minute
49%
seems
49%
still
49%
wrong
49%
bedroom
48%
hasn't
48%
phone
48%
scared
48%
yeah.
48%
forget
47%
flashback
46%
night
46%
almost
45%
happened?
45%
kidding?
45%
onto
45%
thing
45%
here's
44%
second
44%
caught
43%
line?
43%
perfect
43%
Please
43%
welcome
43%
coming
42%
halfway
42%
Once
42%
upon
42%
believe
41%
low
40%
silence
40%
breaking
39%
Tuesday
39%
core
38%
cuts
38%
hold
35%
No matching quizzes found
Score Distribution
Percent of People with Each Score
Percentile by Number Answered
Your Score History
You have not taken this quiz